Online Catalogue and eLibrary

Anguttara Nikaya : (Record no. 914)

MARC details
000 -LEADER
fixed length control field 00430nam a2200169Ia 4500
005 - DATE AND TIME OF LATEST TRANSACTION
control field 20240730071401.0
008 - FIXED-LENGTH DATA ELEMENTS--GENERAL INFORMATION
fixed length control field 240331s9999 xx 000 0 und d
082 ## - DDC Classification
Class No. 294.3
Item Number - Author Mark ANG
100 ## - MAIN ENTRY--PERSONAL NAME
Personal name Nyanaponika Thera
245 #0 - TITLE STATEMENT
Title Anguttara Nikaya :
Remainder of title Discourses of the Buddha
260 ## - PUBLICATION, DISTRIBUTION, ETC.
Place of publication, distribution, etc. Kandy
Name of publisher, distributor, etc. Buddhist Publication Society
Date of publication, distribution, etc. 1981
300 ## - PHYSICAL DESCRIPTION
Extent (e.g. Volumes, Pages etc.) 132 p .,
650 ## - SUBJECT ADDED ENTRY--TOPICAL TERM
Topical term or geographic name entry element Buddhism
650 ## - SUBJECT ADDED ENTRY--TOPICAL TERM
Topical term or geographic name entry element Social
650 ## - SUBJECT ADDED ENTRY--TOPICAL TERM
Topical term or geographic name entry element Anthology
942 ## - Koha item type (Biblio)
Koha item type Books in Stacks (Lending)
Holdings
Lost status Damaged status Collection code Home library Current library Shelving location Date acquired Full call number Accession Number Item type
    Lending WERC Library WERC Library Social Science Cupboard 03/31/2024 294.3 ANG 118 Books in Stacks (Lending)

© WERC Library